[Event "TCh-CHN 2017"]
[Site "China CHN"]
[Date "2017.11.04"]
[Round "18.6"]
[Board "5"]
[White "Sun, Fanghui"]
[Black "Kashlinskaya, Alina"]
[Result "0-1"]
[BlackTitle "IM"]
[WhiteElo "2126"]
[BlackElo "2452"]
[WhiteTeam "Qingdao"]
[BlackTeam "Shenzhen"]
[WhiteFideId "8604150"]
[BlackFideId "4198026"]
[EventDate "2017.04.18"]

1. e4 e6 2. d3 d5 3. Nd2 Nf6 4. Ngf3 Nc6 5. e5 Nd7 6. d4 f6 7. exf6 Qxf6 8. Nb3
Bd6 9. Bg5 Qf7 10. Be3 h6 11. Be2 O-O 12. O-O Nf6 13. h3 Bd7 14. Nc1 Be8 15. Nd3
Nd7 16. b3 e5 17. dxe5 Ndxe5 18. Ndxe5 Nxe5 19. c4 Bc6 20. Nd4 Bd7 21. f4 Qe7
22. Nc2 dxc4 23. bxc4 Ng6 24. Qd5+ Kh8 25. Bd3 Bc6 26. Qd4 Nxf4 0-1

[Event "TCh-CHN 2017"]
[Site "China CHN"]
[Date "2017.12.02"]
[Round "19.1"]
[Board "1"]
[White "Rapport, Richard"]
[Black "Fang, Yan"]
[Result "1-0"]
[WhiteTitle "GM"]
[WhiteElo "2707"]
[BlackElo "2426"]
[WhiteTeam "Shenzhen"]
[BlackTeam "Beijing"]
[WhiteFideId "738590"]
[BlackFideId "8604746"]
[EventDate "2017.04.18"]

1. d4 Nf6 2. c4 e6 3. Nc3 d5 4. cxd5 exd5 5. Bg5 Nbd7 6. e3 c6 7. Qc2 Bd6 8. Bd3
Nf8 9. O-O-O Bd7 10. Nf3 Bg4 11. Kb1 Ne6 12. Bh4 g5 13. Bg3 Qc7 14. Rc1 Bxf3 15.
gxf3 Bxg3 16. hxg3 h5 17. Qa4 Qd6 18. Bf5 Nd7 19. f4 gxf4 20. gxf4 Nb6 21. Qb3
Nc4 22. Ka1 b5 23. Bd3 a5 24. Qd1 h4 25. Qg4 Qb4 26. Bxc4 bxc4 27. f5 Nf8 28. e4
O-O-O 29. Rxh4 Rxh4 30. Qxh4 dxe4 31. Qxe4 Qd6 32. Na4 Nd7 33. Rxc4 Kc7 34. Nc3
Rb8 35. a3 1-0

[Event "TCh-CHN 2017"]
[Site "China CHN"]
[Date "2017.12.02"]
[Round "19.1"]
[Board "2"]
[White "Wang, Hao"]
[Black "Yu, Yangyi"]
[Result "1/2-1/2"]
[WhiteTitle "GM"]
[BlackTitle "GM"]
[WhiteElo "2709"]
[BlackElo "2751"]
[WhiteTeam "Shenzhen"]
[BlackTeam "Beijing"]
[WhiteFideId "8602883"]
[BlackFideId "8603820"]
[EventDate "2017.04.18"]

1. e4 c5 2. Nf3 Nc6 3. d4 cxd4 4. Nxd4 Nf6 5. Nc3 e5 6. Ndb5 d6 7. Bg5 a6 8. Na3
b5 9. Bxf6 gxf6 10. Nd5 f5 11. c3 Bg7 12. exf5 Bxf5 13. Nc2 O-O 14. Nce3 Be6 15.
Bd3 f5 16. O-O Ra7 17. a4 Ne7 18. Bc2 Nxd5 19. Nxd5 bxa4 20. Rxa4 Kh8 21. Qd2 e4
22. Rfa1 a5 23. Nf4 Bf7 24. Ne2 Be8 25. R4a3 Rb7 26. Nd4 Bxd4 27. Qxd4+ Qf6 28.
Qxf6+ Rxf6 29. Rb3 Re7 30. Rxa5 Kg7 31. Rb4 Bf7 32. Kf1 d5 33. Bb3 Rd7 34. Rbb5
Rfd6 35. g3 Kg6 36. Ba2 f4 37. gxf4 Kf5 38. c4 Kxf4 39. c5 Rh6 40. Rb6 Be6 41.
c6 Rc7 42. Rc5 Rxh2 43. Rb7 Rc8 44. Re7 Rh1+ 45. Ke2 Bg4+ 46. Kd2 Rd1+ 47. Kc2
h5 48. c7 Rd4 49. Bxd5 Kf3 50. Bb7 Rf8 51. c8=Q Bxc8 52. Bxc8 Kxf2 53. Bb7 Ke3
54. Rxh5 Rf2+ 55. Kb3 Rf3 56. Rc5 Kd2+ 57. Rc3 Rxc3+ 58. bxc3 Rd3 59. Rc7 e3 60.
Bf3 Rd8 61. c4 Rb8+ 62. Ka4 Rf8 63. Bh5 Rf5 64. Bg6 e2 65. Rd7+ Kc3 66. Re7 Rg5
67. Rxe2 Kxc4 68. Bf7+ Kc3 69. Re3+ Kd4 70. Re8 Rg7 71. Be6 Rb7 72. Rd8+ Kc3 73.
Bd7 Rb1 74. Ka5 Rb2 75. Bb5 Rd2 76. Rc8+ Kd4 77. Kb6 Ke5 78. Kc5 Rd5+ 79. Kc4
Rd4+ 80. Kc3 Rd6 81. Bc4 Ke4 82. Re8+ Kf4 83. Bd3 Rc6+ 84. Kd4 Rd6+ 85. Kc4 Rd7
86. Be4 Ra7 87. Bd5 Ra1 88. Kc5 Rc1+ 89. Kd6 Rd1 90. Rf8+ Ke3 91. Ke5 Rd3 92.
Be4 Rc3 93. Rh8 Rc5+ 94. Bd5 Rc3 95. Rh4 Rd3 96. Bc4 Rc3 97. Rg4 Kf3 98. Kf5 Rc1
99. Bd5+ Ke3 100. Ke5 Rc3 101. Re4+ Kd2 102. Rh4 Ke3 103. Bc4 Kf2 104. Kd4 Ra3
105. Rh8 Ra1 106. Rf8+ Kg3 107. Ke3 Kg4 108. Bd3 Ra5 109. Rf1 Kg5 110. Ke4 1/2-1/2

[Event "TCh-CHN 2017"]
[Site "China CHN"]
[Date "2017.12.02"]
[Round "19.1"]
[Board "3"]
[White "Liu, Qingnan"]
[Black "Li, Chao b"]
[Result "1/2-1/2"]
[WhiteTitle "GM"]
[BlackTitle "GM"]
[WhiteElo "2522"]
[BlackElo "2732"]
[WhiteTeam "Shenzhen"]
[BlackTeam "Beijing"]
[WhiteFideId "8603294"]
[BlackFideId "8604436"]
[EventDate "2017.04.18"]

1. e4 c6 2. d4 d5 3. e5 c5 4. dxc5 e6 5. Be3 Nd7 6. Nf3 Ne7 7. c4 dxc4 8. Bxc4
Nf5 9. Bf4 Bxc5 10. O-O O-O 11. Nc3 Nb6 12. Bd3 Bd7 13. Ne4 Be7 14. Nd6 Nxd6 15.
exd6 Bf6 16. Ne5 Rc8 17. Rc1 Rxc1 18. Qxc1 Nd5 19. Bg3 Bxe5 20. Bxe5 Qh4 21. Qc4
Qxc4 22. Bxc4 Nb6 23. Bb3 Rc8 24. f4 a5 25. a4 Nxa4 26. Bxa4 Bxa4 27. Ra1 Bd7
28. Rxa5 Rc1+ 29. Kf2 f6 30. Bd4 Rd1 31. Ke3 Kf7 32. Ra8 Bc6 33. Rc8 1/2-1/2

[Event "TCh-CHN 2017"]
[Site "China CHN"]
[Date "2017.12.02"]
[Round "19.1"]
[Board "4"]
[White "Zhao, Xue"]
[Black "Ushenina, Anna"]
[Result "1/2-1/2"]
[WhiteTitle "GM"]
[BlackTitle "GM"]
[WhiteElo "2477"]
[BlackElo "2416"]
[WhiteTeam "Beijing"]
[BlackTeam "Shenzhen"]
[WhiteFideId "8601283"]
[BlackFideId "14110911"]
[EventDate "2017.04.18"]

1. c4 e5 2. Nc3 Nf6 3. Nf3 Nc6 4. a3 d5 5. cxd5 Nxd5 6. Qc2 Nxc3 7. bxc3 Bd6 8.
d4 Qe7 9. e3 O-O 10. Bd3 f5 11. h4 Kh8 12. Be2 Bd7 13. Bb2 Rae8 14. h5 Rf6 15.
g3 b6 16. Kf1 Rh6 17. Rh4 e4 18. Ne1 g5 19. Rh1 Nd8 20. c4 Nf7 21. Ng2 Kg8 22.
a4 c5 23. a5 cxd4 24. exd4 f4 25. axb6 axb6 26. c5 bxc5 27. dxc5 Be5 28. gxf4
gxf4 29. Bc4 Bxb2 30. Qxb2 Qxc5 31. Bxf7+ Kxf7 32. Nxf4 Rb6 33. Qa2+ Be6 34.
Nxe6 Rexe6 35. Re1 Qb5+ 36. Qe2 1/2-1/2

[Event "TCh-CHN 2017"]
[Site "China CHN"]
[Date "2017.12.02"]
[Round "19.1"]
[Board "5"]
[White "Wang, Jue"]
[Black "Huang, Qian"]
[Result "1/2-1/2"]
[WhiteTitle "WGM"]
[BlackTitle "WGM"]
[WhiteElo "2359"]
[BlackElo "2438"]
[WhiteTeam "Beijing"]
[BlackTeam "Shenzhen"]
[WhiteFideId "8604070"]
[BlackFideId "8602689"]
[EventDate "2017.04.18"]

1. e4 d5 2. exd5 Qxd5 3. Nc3 Qd8 4. d4 g6 5. Nf3 Bg7 6. Bg5 Nf6 7. Qd2 a6 8. Bh6
Bxh6 9. Qxh6 Bg4 10. Qf4 Nc6 11. O-O-O Qd6 12. Qxd6 exd6 13. Be2 O-O-O 14. h3
Bxf3 15. Bxf3 h6 16. Nd5 Nxd5 17. Bxd5 Rhf8 18. Rhe1 Kd7 19. Re3 Rde8 20. Rxe8
Kxe8 21. Bxc6+ bxc6 22. Rd3 Kd7 23. Ra3 Ra8 24. c4 c5 25. dxc5 dxc5 26. Rd3+ Kc6
27. Rf3 f5 28. h4 Rf8 29. Kd2 Rd8+ 30. Rd3 Rb8 31. b3 Re8 32. Rd5 h5 33. Rd3 Re6
34. Re3 Rf6 35. Ke2 Rd6 36. Kf3 Kd7 37. Re5 Kc6 38. Ke3 a5 39. g3 a4 40. bxa4
Kb6 41. a5+ Kxa5 42. Rxc5+ Kb6 43. Re5 c5 44. a3 Rd4 45. Re6+ Ka5 46. Rxg6 Rxc4
47. Rg5 Rc3+ 48. Kf4 Rxa3 49. Rxh5 c4 50. Rxf5+ Kb4 51. h5 c3 52. Ke3 Ra6 53.
Kd3 Rd6+ 54. Kc2 Rd2+ 55. Kc1 Kb3 56. Rb5+ Kc4 57. Rf5 Kb3 58. Rb5+ Kc4 59. Rf5
Kd4 1/2-1/2

[Event "TCh-CHN 2017"]
[Site "China CHN"]
[Date "2017.12.02"]
[Round "19.2"]
[Board "1"]
[White "Xu, Zhihang"]
[Black "Zeng, Chongsheng"]
[Result "0-1"]
[WhiteTitle "FM"]
[BlackTitle "GM"]
[WhiteElo "2373"]
[BlackElo "2547"]
[WhiteTeam "Qingdao"]
[BlackTeam "Chongqing"]
[WhiteFideId "8611572"]
[BlackFideId "8603847"]
[EventDate "2017.04.18"]

1. d4 d5 2. Nf3 c6 3. c4 e6 4. e3 Bd6 5. Nbd2 f5 6. Bd3 Nf6 7. O-O O-O 8. b3 Ne4
9. Bb2 b6 10. cxd5 exd5 11. Ne5 Bxe5 12. dxe5 c5 13. Nb1 Nc6 14. f3 Ng5 15. Nc3
Be6 16. Ne2 Qe7 17. Rc1 Rad8 18. Qe1 Bc8 19. Ng3 g6 20. Bb5 Bb7 21. f4 Ne6 22.
Ne2 Nb8 23. Bd3 Ba6 24. Qd2 Qb7 25. Rfd1 Nc6 26. Nd4 Ncxd4 27. exd4 Bxd3 28.
Qxd3 Nxf4 29. Qf3 Ne6 30. dxc5 bxc5 31. Ba3 Qb6 32. Rxd5 Rxd5 33. Qxd5 Rd8 34.
Qf3 Rd2 35. Qe3 Qd8 36. h3 Qd5 37. Qf3 Qxe5 38. Qa8+ Kg7 39. Qb7+ Kh6 40. Rf1
Nf4 41. Bc1 Ne2+ 0-1

[Event "TCh-CHN 2017"]
[Site "China CHN"]
[Date "2017.12.02"]
[Round "19.2"]
[Board "2"]
[White "Ma, Zhonghan"]
[Black "Andreikin, Dmitry"]
[Result "1/2-1/2"]
[WhiteTitle "IM"]
[BlackTitle "GM"]
[WhiteElo "2471"]
[BlackElo "2712"]
[WhiteTeam "Qingdao"]
[BlackTeam "Chongqing"]
[WhiteFideId "8607206"]
[BlackFideId "4158814"]
[EventDate "2017.04.18"]

1. d4 Nf6 2. Nf3 e6 3. c4 a6 4. Nc3 d5 5. cxd5 exd5 6. Bg5 Be6 7. e3 Nbd7 8. Bd3
h6 9. Bh4 Bd6 10. Qc2 c6 11. O-O O-O 12. Rfe1 Re8 13. Bh7+ Kh8 14. Bf5 Qc7 15.
Bg3 Bxg3 16. hxg3 Qd6 17. a3 Kg8 18. b4 b5 19. Bxe6 Rxe6 20. Ne2 Nb6 21. Nf4
Ree8 22. Nd3 Nfd7 23. Nfe5 Nxe5 24. dxe5 Qc7 25. f4 a5 26. Nc5 Nc4 27. Qc3 Red8
28. Kh2 Qc8 29. Nb3 axb4 30. axb4 Qg4 31. Nd4 Qh5+ 32. Kg1 Qg6 33. Kf2 Ra4 34.
Rxa4 bxa4 35. e4 a3 36. e6 Re8 37. exf7+ Qxf7 38. e5 Nxe5 39. Qxa3 Ng4+ 40. Kf1
Nh2+ 41. Kf2 Ng4+ 42. Kf1 Rxe1+ 43. Kxe1 Qe8+ 44. Kd2 Qe4 45. Nf3 Qc4 46. Qc3
Qf1 47. Qd3 Qxg2+ 48. Qe2 Qxg3 49. Qe6+ Kh8 50. Qc8+ Kh7 51. Qf5+ Kg8 52. Qc8+
Kh7 53. Qf5+ Kg8 1/2-1/2

[Event "TCh-CHN 2017"]
[Site "China CHN"]
[Date "2017.12.02"]
[Round "19.2"]
[Board "3"]
[White "Fang, Yuxiang"]
[Black "Zhou, Weiqi"]
[Result "1/2-1/2"]
[WhiteTitle "GM"]
[BlackTitle "GM"]
[WhiteElo "2497"]
[BlackElo "2613"]
[WhiteTeam "Qingdao"]
[BlackTeam "Chongqing"]
[WhiteFideId "8605840"]
[BlackFideId "8601674"]
[EventDate "2017.04.18"]

1. Nf3 Nf6 2. c4 e6 3. d4 c5 4. g3 cxd4 5. Nxd4 Qc7 6. Nd2 a6 7. Bg2 Nc6 8. Nxc6
dxc6 9. O-O e5 10. Ne4 Nxe4 11. Bxe4 Bh3 12. Bg2 Bxg2 13. Kxg2 Bc5 14. Rb1 a5
15. a3 O-O 16. b4 axb4 17. axb4 Be7 18. Qb3 b5 19. Be3 Qb7 20. Bc5 Rfd8 21. Bxe7
Qxe7 22. Rfd1 Rd4 23. cxb5 cxb5 24. Rxd4 exd4 25. Rd1 Rd8 26. Qd3 Qxb4 27. Rb1
Qc4 28. Rxb5 Qc6+ 29. Kg1 Qc1+ 30. Kg2 Qc6+ 1/2-1/2

[Event "TCh-CHN 2017"]
[Site "China CHN"]
[Date "2017.12.02"]
[Round "19.2"]
[Board "4"]
[White "Tan, Zhongyi"]
[Black "Sun, Fanghui"]
[Result "1-0"]
[WhiteTitle "GM"]
[WhiteElo "2517"]
[BlackElo "2126"]
[WhiteTeam "Chongqing"]
[BlackTeam "Qingdao"]
[WhiteFideId "8603642"]
[BlackFideId "8604150"]
[EventDate "2017.04.18"]

1. c4 e5 2. g3 Nf6 3. Bg2 d5 4. cxd5 Nxd5 5. Nf3 Nc6 6. O-O Be7 7. d4 exd4 8.
Nxd4 Ndb4 9. Nxc6 Nxc6 10. Bxc6+ bxc6 11. Qxd8+ Bxd8 12. Bd2 Rb8 13. Bc3 O-O 14.
Nd2 Be7 15. Rac1 Rd8 16. Nc4 Be6 17. Na5 Bd5 18. b3 Ba3 19. Rcd1 Re8 20. Rfe1 f5
21. h4 Re6 22. e3 h6 23. Nc4 Bb4 24. Bxb4 Rxb4 25. Rd4 Bxc4 26. Rc1 Rd6 27.
Rdxc4 Rb6 28. Ra4 a6 29. Rc5 Rb5 30. Rac4 Rd2 31. a4 Rxb3 32. Rxf5 Rb1+ 33. Kg2
Rb3 34. Rxc6 Rxe3 35. Rxc7 Re6 36. h5 Ra2 37. Rc8+ 1-0

[Event "TCh-CHN 2017"]
[Site "China CHN"]
[Date "2017.12.02"]
[Round "19.2"]
[Board "5"]
[White "Lei, Tingjie"]
[Black "Hong, Xing"]
[Result "1-0"]
[WhiteTitle "GM"]
[WhiteElo "2528"]
[BlackElo "2017"]
[WhiteTeam "Chongqing"]
[BlackTeam "Qingdao"]
[WhiteFideId "8605114"]
[BlackFideId "8606129"]
[EventDate "2017.04.18"]

1. c4 c5 2. Nf3 Nc6 3. d4 cxd4 4. Nxd4 Nf6 5. Nc3 g6 6. e4 d6 7. Be2 Nxd4 8.
Qxd4 Bg7 9. Bg5 O-O 10. Qd2 Be6 11. Rc1 a6 12. O-O Qa5 13. b3 Rfc8 14. Bf3 Rab8
15. a4 Kf8 16. Rfe1 Qb6 17. Rb1 Nd7 18. Nd5 Bxd5 19. exd5 Ne5 20. Be2 Bf6 21.
Be3 Qd8 22. a5 h5 23. h3 Nd7 24. b4 b5 25. axb6 Nxb6 26. Qa2 Nd7 27. Rec1 Ra8
28. c5 a5 29. c6 axb4 30. Qb3 Nb6 31. Bf3 Ra5 32. Qd3 Na4 33. Rxb4 Nc5 34. Qd1
Qc7 35. Rcb1 Rca8 36. Bh6+ Kg8 37. Be3 Kh7 38. Bxh5 Ra3 39. Bf3 Na4 40. Rb7 Qa5
41. Bd2 Nc3 42. Qe1 Qa4 43. Rc1 Na2 44. Rcb1 Qc4 45. Rxe7 Bxe7 46. Qxe7 R3a7 47.
Rb7 1-0

[Event "TCh-CHN 2017"]
[Site "China CHN"]
[Date "2017.12.02"]
[Round "19.3"]
[Board "1"]
[White "Wang, Yue"]
[Black "Ma, Qun"]
[Result "1/2-1/2"]
[WhiteTitle "GM"]
[BlackTitle "GM"]
[WhiteElo "2690"]
[BlackElo "2638"]
[WhiteTeam "Tianjin"]
[BlackTeam "Hangzhou"]
[WhiteFideId "8601429"]
[BlackFideId "8603154"]
[EventDate "2017.04.18"]

1. d4 Nf6 2. c4 e6 3. Nc3 d5 4. Bg5 Be7 5. e3 h6 6. Bxf6 Bxf6 7. Nf3 c6 8. Bd3
Nd7 9. O-O O-O 10. Rc1 dxc4 11. Bxc4 e5 12. d5 Nb6 13. b3 cxd5 14. Bxd5 Nxd5 15.
Nxd5 Bf5 16. Nxf6+ gxf6 17. Nd2 Rc8 18. e4 Be6 19. Qe2 Rxc1 20. Rxc1 Qd4 21. Nf1
Rd8 22. h3 Qd3 23. Qxd3 Rxd3 24. f3 a5 25. Kf2 a4 26. Ke2 Rd4 27. Nd2 axb3 28.
axb3 f5 29. Rc5 f6 30. Rb5 Rd7 31. Rb6 Kf7 32. exf5 Bxf5 33. g4 Bd3+ 34. Ke3 Kg7
35. h4 f5 36. gxf5 Bxf5 37. Ne4 Rc7 38. b4 h5 39. Nc5 Bc8 40. Ke4 Rf7 41. b5
Rf4+ 42. Kxe5 Rxf3 43. Nxb7 Re3+ 44. Kd6 Rh3 45. Nc5 Rxh4 46. Rb8 Bh3 47. b6 Rb4
48. Ke7 Rb5 49. b7 Bg2 50. Ne6+ Kh7 51. Kf6 Rb6 52. Rd8 Bxb7 53. Rd7+ Kh6 54.
Rd8 1/2-1/2

[Event "TCh-CHN 2017"]
[Site "China CHN"]
[Date "2017.12.02"]
[Round "19.3"]
[Board "2"]
[White "Li, Yankai"]
[Black "Vallejo Pons, Francisco"]
[Result "0-1"]
[BlackTitle "GM"]
[WhiteElo "2456"]
[BlackElo "2707"]
[WhiteTeam "Tianjin"]
[BlackTeam "Hangzhou"]
[WhiteFideId "8609357"]
[BlackFideId "2205530"]
[EventDate "2017.04.18"]

1. d4 Nf6 2. c4 e6 3. Nf3 b6 4. g3 c6 5. Bg2 d5 6. O-O Be7 7. Nc3 O-O 8. Bf4 Ba6
9. cxd5 cxd5 10. Ne5 Bb7 11. Rc1 Nfd7 12. Qb3 Nxe5 13. dxe5 Nd7 14. h4 h6 15. h5
Qe8 16. Rfd1 Rc8 17. Qc2 b5 18. Qd2 Nb6 19. b3 b4 20. Nb1 Qb5 21. Bf3 Rxc1 22.
Rxc1 Rc8 23. Rxc8+ Bxc8 24. Qc2 Qc5 25. Qxc5 Bxc5 26. Bg2 Nd7 27. Nd2 Bd4 28.
Nf3 Bc3 29. e3 Ba6 30. Bf1 Bxf1 31. Kxf1 f6 32. g4 fxe5 33. Bg3 Kf7 34. Ke2 a6
35. Nh4 e4 36. Ng6 e5 37. f4 exf3+ 38. Kxf3 Ke6 39. Bh4 Nc5 40. Ke2 d4 41. exd4
exd4 42. Bg3 d3+ 43. Ke3 d2 44. Nf4+ Kf7 45. Ke2 Ne4 46. Bh4 Bb2 47. Ng2 Bc1 48.
Ne3 Nc3+ 49. Kd3 d1=Q+ 50. Nxd1 Nxd1 51. Kc2 Bg5 52. Bxg5 hxg5 53. Kxd1 Ke6 54.
Ke2 Ke5 55. Kd3 Kf4 56. Kc4 Kxg4 57. Kxb4 Kh4 58. Ka5 g4 59. a4 g3 60. b4 g2 61.
Kxa6 g1=Q 62. a5 Kxh5 63. b5 Qf1 64. Kb6 g5 65. a6 g4 66. a7 Qf3 67. Kc7 Qa8 68.
b6 g3 0-1

[Event "TCh-CHN 2017"]
[Site "China CHN"]
[Date "2017.12.02"]
[Round "19.3"]
[Board "3"]
[White "Cheparinov, Ivan"]
[Black "Bai, Jinshi"]
[Result "1/2-1/2"]
[WhiteTitle "GM"]
[BlackTitle "GM"]
[WhiteElo "2710"]
[BlackElo "2556"]
[WhiteTeam "Tianjin"]
[BlackTeam "Hangzhou"]
[WhiteFideId "2905540"]
[BlackFideId "8602280"]
[EventDate "2017.04.18"]

1. d4 Nf6 2. c4 g6 3. f3 c5 4. d5 d6 5. e4 Bg7 6. Nc3 e6 7. Nge2 exd5 8. cxd5
Nbd7 9. Ng3 h5 10. Be2 Nh7 11. Be3 h4 12. Nf1 O-O 13. Nd2 f5 14. exf5 Qe7 15.
Bf2 Ne5 16. O-O g5 17. Nc4 Bxf5 18. Qd2 Nxc4 19. Bxc4 Be5 20. Rae1 Qg7 21. Re2
Rae8 22. Rfe1 h3 23. Nb5 Bf4 24. Qc3 Qxc3 25. Nxc3 Rxe2 26. Nxe2 Be5 27. Bg3 Re8
28. Nc3 Bd4+ 29. Kf1 Rxe1+ 30. Bxe1 hxg2+ 31. Kxg2 Be5 32. Bg3 Bxg3 33. Kxg3 a6
34. f4 Kf7 35. fxg5 Nxg5 36. Kf4 Kf6 37. h4 Nh3+ 38. Kg3 Ke5 39. a4 Nf4 40. a5
Nh5+ 41. Kf3 Nf6 42. Ke3 Ng4+ 43. Kf3 Nf6 44. Ke3 Ng4+ 45. Kd2 Nf6 46. Ke3 1/2-1/2

[Event "TCh-CHN 2017"]
[Site "China CHN"]
[Date "2017.12.02"]
[Round "19.3"]
[Board "4"]
[White "Gu, Tianlu"]
[Black "Stefanova, Antoaneta"]
[Result "1-0"]
[WhiteTitle "WIM"]
[BlackTitle "GM"]
[WhiteElo "2197"]
[BlackElo "2500"]
[WhiteTeam "Hangzhou"]
[BlackTeam "Tianjin"]
[WhiteFideId "8603995"]
[BlackFideId "2902257"]
[EventDate "2017.04.18"]

1. d4 g6 2. e4 Bg7 3. Nf3 d6 4. Be2 Nf6 5. Nc3 a6 6. O-O O-O 7. h3 b5 8. e5 Ne8
9. a4 b4 10. Nd5 Nc6 11. Bf4 Bb7 12. Ne3 e6 13. Bg5 Ne7 14. Qe1 c5 15. Rd1 h6
16. Bh4 dxe5 17. dxe5 Qc7 18. Qd2 Bc6 19. Bxe7 Qxe7 20. Nc4 Qc7 21. a5 Rb8 22.
Qe3 Rb5 23. Ra1 Bd5 24. Nb6 c4 25. Rfd1 Kh7 26. b3 Bxf3 27. Qxf3 Rxa5 28. Rxa5
Qxb6 29. Ra4 cxb3 30. cxb3 Nc7 31. Rd7 Kg8 32. Qe4 Nd5 33. Rxa6 Qc5 34. Qc4 Qc8
35. Qxc8 Rxc8 36. Bc4 Bxe5 37. g3 Nc3 38. Rb6 Ne4 39. Rxb4 Bc3 40. Rbb7 Ng5 41.
Kg2 Rf8 42. h4 Ne4 43. b4 Be1 44. Bxe6 Bxf2 45. Bxf7+ Kh8 46. Bxg6 Nf6 47. Rf7 1-0

[Event "TCh-CHN 2017"]
[Site "China CHN"]
[Date "2017.12.02"]
[Round "19.3"]
[Board "5"]
[White "Harika, Dronavalli"]
[Black "Xiao, Yiyi"]
[Result "1-0"]
[WhiteTitle "GM"]
[BlackTitle "WFM"]
[WhiteElo "2504"]
[BlackElo "2311"]
[WhiteTeam "Hangzhou"]
[BlackTeam "Tianjin"]
[WhiteFideId "5015197"]
[BlackFideId "8606161"]
[EventDate "2017.04.18"]

1. c4 e6 2. Nc3 d5 3. d4 Be7 4. cxd5 exd5 5. Bf4 c6 6. e3 Bf5 7. g4 Bg6 8. h4 h6
9. h5 Bh7 10. Bd3 Nf6 11. f3 Nbd7 12. Nge2 Nb6 13. b3 a5 14. Kf2 Bd6 15. Ng3 O-O
16. Qc2 Bxd3 17. Qxd3 Nh7 18. a4 Nc8 19. Rag1 Re8 20. Nce2 Be7 21. Nf5 Nd6 22.
Neg3 Kh8 23. Rg2 Ra6 24. Be5 Nxf5 25. Nxf5 Bf6 26. Nd6 Re7 27. Nxb7 Rxb7 28.
Qxa6 Rxb3 29. Bxf6 Nxf6 30. Qxc6 Qe7 31. Re1 Nxh5 32. Qc8+ Kh7 33. Qc2+ 1-0

[Event "TCh-CHN 2017"]
[Site "China CHN"]
[Date "2017.12.02"]
[Round "19.4"]
[Board "1"]
[White "Lan, Zilun"]
[Black "Ni, Hua"]
[Result "1/2-1/2"]
[BlackTitle "GM"]
[WhiteElo "2361"]
[BlackElo "2671"]
[WhiteTeam "Zhejiang"]
[BlackTeam "Shanghai"]
[WhiteFideId "8604193"]
[BlackFideId "8601160"]
[EventDate "2017.04.18"]

1. d4 Nf6 2. Nf3 d5 3. Bf4 c5 4. c3 Qb6 5. Qb3 Nc6 6. Na3 c4 7. Qc2 g6 8. g3 Bf5
9. Qc1 e6 10. Nb1 Ne4 11. Bg2 f6 12. Nfd2 Nxd2 13. Nxd2 g5 14. e4 gxf4 15. exf5
Ne7 16. fxe6 Qxe6+ 17. Kf1 Bh6 18. Qc2 O-O 19. Re1 Qd7 20. Bf3 Ng6 21. Kg2 Kh8
22. h4 fxg3 23. fxg3 Rg8 24. Kf2 Ne7 25. Nf1 Nf5 26. g4 Nd6 27. Ng3 Rad8 28. Nf5
Nxf5 29. Qxf5 Qxf5 30. gxf5 Bf4 31. Re6 Bg3+ 32. Kf1 b5 33. Rxf6 Rgf8 34. Rxf8+
Rxf8 35. Kg2 Bd6 36. Bxd5 Rxf5 37. Bc6 b4 38. cxb4 Rf4 39. d5 Bxb4 40. h5 Kg7
41. Rd1 c3 42. a3 Ba5 43. bxc3 Bxc3 44. d6 Rd4 45. Rxd4 Bxd4 46. a4 h6 47. Kf3
Bc5 48. d7 Bb6 49. Ke4 Kf6 50. Kd5 1/2-1/2

[Event "TCh-CHN 2017"]
[Site "China CHN"]
[Date "2017.12.02"]
[Round "19.4"]
[Board "2"]
[White "Lu, Shanglei"]
[Black "Grischuk, Alexander"]
[Result "1/2-1/2"]
[WhiteTitle "GM"]
[BlackTitle "GM"]
[WhiteElo "2641"]
[BlackElo "2772"]
[WhiteTeam "Zhejiang"]
[BlackTeam "Shanghai"]
[WhiteFideId "8603332"]
[BlackFideId "4126025"]
[EventDate "2017.04.18"]

1. e4 e5 2. Nf3 Nc6 3. Bb5 Nf6 4. O-O Nxe4 5. Re1 Nd6 6. Nxe5 Be7 7. Bf1 Nxe5 8.
Rxe5 O-O 9. Nc3 Ne8 10. Nd5 Bd6 11. Re1 c6 12. Ne3 Be7 13. Qe2 Bg5 14. Nf5 d5
15. Ne7+ Kh8 16. Nxc8 Rxc8 17. d4 Bxc1 18. Raxc1 Nd6 19. Qe7 Re8 20. Qxd8 Rcxd8
21. Bd3 g6 22. Kf1 Kg7 23. Rxe8 Rxe8 24. Re1 Rxe1+ 25. Kxe1 f5 26. Ke2 Kf6 27.
Ke3 g5 28. g3 h6 29. c3 Ke6 30. b3 1/2-1/2

[Event "TCh-CHN 2017"]
[Site "China CHN"]
[Date "2017.12.02"]
[Round "19.4"]
[Board "3"]
[White "Ding, Liren"]
[Black "Zhou, Jianchao"]
[Result "1/2-1/2"]
[WhiteTitle "GM"]
[BlackTitle "GM"]
[WhiteElo "2777"]
[BlackElo "2597"]
[WhiteTeam "Zhejiang"]
[BlackTeam "Shanghai"]
[WhiteFideId "8603677"]
[BlackFideId "8603537"]
[EventDate "2017.04.18"]

1. e4 c5 2. Nf3 d6 3. d4 cxd4 4. Nxd4 Nf6 5. Nc3 a6 6. Bg5 Nbd7 7. Qe2 Qc7 8.
O-O-O e6 9. f4 b5 10. a3 Be7 11. g4 Rb8 12. Bg2 h6 13. Bh4 Bb7 14. Rhe1 Qc4 15.
e5 dxe5 16. fxe5 Qxe2 17. Rxe2 Ng8 18. Bxb7 Rxb7 19. Ne4 Rc7 20. Bg3 Nc5 21.
Nd6+ Bxd6 22. exd6 Rd7 23. Re5 Nb7 24. a4 bxa4 25. c4 Rxd6 26. c5 Rd8 27. c6 Rc8
28. Kb1 Nd8 29. Rc1 Ne7 30. Rec5 f6 31. c7 Nb7 32. Nxe6 Kf7 33. Nd4 Nxc5 34.
Rxc5 g6 35. h4 h5 36. g5 Rhf8 37. gxf6 Kxf6 38. Ka2 Kf7 39. Ka3 Ke8 40. Kxa4 Nf5
41. Nxf5 Rxf5 42. Rxf5 gxf5 43. Ka5 Kd7 44. Kb6 Rg8 45. Kb7 a5 46. b3 Rc8 47.
Bf4 Re8 48. Bg3 Rc8 49. Bf4 1/2-1/2

[Event "TCh-CHN 2017"]
[Site "China CHN"]
[Date "2017.12.02"]
[Round "19.4"]
[Board "4"]
[White "Muzychuk, Anna"]
[Black "Ding, Yixin"]
[Result "1/2-1/2"]
[WhiteTitle "GM"]
[BlackTitle "WGM"]
[WhiteElo "2582"]
[BlackElo "2424"]
[WhiteTeam "Shanghai"]
[BlackTeam "Zhejiang"]
[WhiteFideId "14111330"]
[BlackFideId "8602972"]
[EventDate "2017.04.18"]

1. e4 c5 2. Nf3 g6 3. c3 Bg7 4. d4 cxd4 5. cxd4 d5 6. e5 Bg4 7. Bb5+ Nd7 8. O-O
a6 9. Bd3 e6 10. Nbd2 Ne7 11. h3 Bxf3 12. Nxf3 O-O 13. Be3 Nc6 14. Qd2 Qa5 15.
a3 Qxd2 16. Nxd2 Rfc8 17. Rfc1 f6 18. f4 Bh6 19. exf6 Nxf6 20. g4 Nd7 21. Nb3 e5
22. dxe5 Ncxe5 23. Rxc8+ Rxc8 24. Rd1 Nxd3 25. Rxd3 Rc2 26. Rxd5 Rxb2 27. Nd4
Nb6 28. Rd8+ Kf7 29. Nf3 Nc4 30. Rd7+ Kg8 31. Rd8+ Kf7 32. Rd7+ 1/2-1/2

[Event "TCh-CHN 2017"]
[Site "China CHN"]
[Date "2017.12.02"]
[Round "19.4"]
[Board "5"]
[White "Ju, Wenjun"]
[Black "Zhu, Jiner"]
[Result "1-0"]
[WhiteTitle "GM"]
[WhiteElo "2567"]
[BlackElo "2324"]
[WhiteTeam "Shanghai"]
[BlackTeam "Zhejiang"]
[WhiteFideId "8603006"]
[BlackFideId "8608059"]
[EventDate "2017.04.18"]

1. d4 Nf6 2. c4 e6 3. g3 Bb4+ 4. Bd2 a5 5. Bg2 O-O 6. Nf3 d5 7. O-O b6 8. Qc2
Bb7 9. Ne5 Nbd7 10. cxd5 Nxe5 11. Bxb4 axb4 12. dxe5 Nxd5 13. Nd2 Ra5 14. Rfd1
Qc8 15. Qb3 Bc6 16. Rdc1 Ba4 17. Qc4 Bb5 18. Qg4 f5 19. exf6 Nxf6 20. Qxb4 Bxe2
21. Nb3 Rh5 22. Nd4 Bg4 23. f3 Bh3 24. Bxh3 Rxh3 25. Rxc7 Qe8 26. Qe7 Qxe7 27.
Rxe7 Rd8 28. Nxe6 Rd2 29. Rc1 1-0